| 000 | 01045nam a2200229Ia 4500 | ||
|---|---|---|---|
| 003 | Ost | ||
| 005 | 20260507075019.0 | ||
| 008 | 260507s9999||||xx |||||||||||||| ||und|| | ||
| 040 | _cfsecg | ||
| 041 | _aara | ||
| 082 | _a330 | ||
| 100 |
_aالعكيلي، عزيز _eمؤلف |
||
| 245 | 0 |
_aشرح القانون التجاري : _bفي الشركات التجارية وفقا لقانون الشركات الجديد رقم (22)لسنة 1997 / _c عزيز العكيلي |
|
| 260 |
_aعمان: _bالدار العلمية الدولية ودار الثقافة للنشر, _c2002 |
||
| 300 |
_a477 صفحة؛ _c24 سم |
||
| 490 |
_aالمكتبة القانونية _v435 |
||
| 504 | _aببلوغرافيا ص.461 | ||
| 520 | _aالأحكام العامة للشركات، في شركة الأشخاص، في شركات الأموال(شركات المساهمة)، الشركات ذات الطبيعة المختلطة | ||
| 653 | _aالعلوم الإجتماعية | ||
| 653 | _aالقانون التجاري | ||
| 942 | _cكتاب | ||
| 999 |
_c42257 _d42257 |
||